000 01980nam0a2200349 4500
001 RU\NLR\BIBL_A\022683179
005 20260213143710.0
010 _a978-5-86002-306-2
021 _aRU
_bКН-П-25-066098
_9КН-П-25-6398
035 _a(NLR Aleph) 022683179
090 _a13552478
_c13552478
100 _a20251209d2021 u y0rusy50 ca
101 0 _arus
102 _aRU
105 _aa z 000zy
181 0 _ai
_baxxe
182 0 _an
200 1 _aНейрофизиологические и генетические механизмы предрасположенности к наркологическим заболеваниям
_eмонография
_fЮ. Л. Арзуманов, А. О. Кибитов
_gФГБУ "Национальный медицинский исследовательский центр психиатрии и наркологии имени В. П. Сербского" Министерства здравоохранения Российской Федерации
203 _aТекст
_bвизуальный
_cнепосредственный
210 _aМосква
_cФГБУ "НМИЦ ПН им. В. П. Сербского" Минздрава России
_d2021
215 _a146 с.
_cил.
_d21
225 1 _aПсихиатрия и наркология
320 _aБиблиогр.: с. 130-145
606 1 _aНаркомания
_xПредрасположенность к ней
_xГенетические исследования
_92697278
_3RU\NLR\AUTH\6601766456
606 1 _aНаркомания
_xПредрасположенность к ней
_xНейрофизиологические исследования
_92697279
_3RU\NLR\AUTH\6601766457
686 1 _aР645.1-2
700 1 _aАрзуманов
_bЮ. Л.
_gЮрий Леонидович
701 1 _aКибитов
_bА. О.
_gАлександр Олегович
942 _cBOOK
980 _aNB